[Event "Stjernen NGP A"]
[Site "Oslo"]
[Date "2018.06.09"]
[Round "4"]
[White "Kreken, Eivind Grunt"]
[Black "Midtstue, Lasse"]
[Result "0-1"]
[WhiteElo "1553"]
[BlackElo "1772"]
[PlyCount "44"]
[EventDate "2018.06.08"]
[EventType "swiss"]
[EventRounds "6"]
[EventCountry "NOR"]
[SourceTitle "EXT 2024"]
[Source "ChessBase"]
[SourceDate "2023.10.10"]
[SourceVersion "1"]
[SourceVersionDate "2023.10.10"]
[SourceQuality "1"]

1. e4 d6 2. d4 Nf6 3. Nc3 g6 4. Bf4 Bg7 5. Qd2 a6 6. Nf3 Bg4 7. 0-0-0 b5 8. Qe3 b4 9. Ne2 a5 10. h3 Be6 11. d5 Bd7 12. e5 dxe5 13. Nxe5 a4 14. Bh6 0-0 15. Bxg7 Kxg7 16. g3 Bb5 17. Bg2 Bxe2 18. Qxe2 Ra5 19. Qc4 Qd6 20. Ng4 Rc5 21. Qxb4 Rxc2+ 22. Kxc2 Qxb4 0-1